00582nam a22001817a 450000500170000001000150001702000260003203500140005803700130007208200140008524500880009926000280018727000720021530000230028750000500031070000230036070000170038320200702144904.0 aENG-128264 c895.00a9788183244893 aEN-111796 bDBAD/PUB a362.60954 aCare for the Ailing Senior Citizens/cedited by Jai Prakash Dubey and Ashok Sharma  aNew DelhibMittalc2014 a4594/9,DaryaganjbNew Delhie110002k23250398minfo@mittalbooks.com axx;266p.c22cm(hb) aincludes bibliographical references and index aDebey, Jai Prakash aSharma,Ashok